Normal view
MARC view
Entry Meeting Name
001 - CONTROL NUMBER
- control field: 380963
003 - CONTROL NUMBER IDENTIFIER
- control field: OSt
005 - DATE AND TIME OF LATEST TRANSACTION
- control field: 20220927110930.0
008 - FIXED-LENGTH DATA ELEMENTS
- fixed length control field: 220927|| aca||aabn | a|a d
040 ## - CATALOGING SOURCE
- Original cataloging agency: OSt
- Transcribing agency: OSt
111 ## - HEADING--MEETING NAME
- Meeting name or jurisdiction name as entry element: report (1954 : )
670 ## - SOURCE DATA FOUND
- Source citation: Work cat.: (OSt)698396: FOOD AND AGRICULTURAL ORGANIZATION., "Report of the special technical meeting on the economic aspects of the rice industry Rangoon,Burma.", 1954
